Fermata 1

Bibliographic Details
Corporate Author: Fermáta (hudobná skupina) (Author)
Format: CD Audio
Language:Slovak
PhysicalDescription:2 zvukové platne (60 min. každá) digital audio 12 cm
Published: Bratislava Opus 2009
Subjects:

MARC

LEADER 00000njm a2200000 a 4500
001 vtls010031385
003 SK-MaSNL
005 20260301212608.0
007 sd fsngnnmmned
008 160627s2009 xo renng d u slo
015 |a SNBJ2011/01-00706 
028 2 2 |a 91 2808-2  |b Opus 
040 |a SNK  |b slo  |c SNK  |e AACR2 
041 0 |a slo 
044 |a xo  |c SK 
048 |a ob  |b vn 
072 7 |a 784  |x Vokálna hudba  |2 konspekt 
072 7 |a 78.03  |x Vývojové obdobia v dejinách hudby  |2 konspekt 
072 7 |a 784.4  |2 2001 
072 7 |a 78.036  |2 2001 
080 |a 78.036.9  |2 2001 
080 |a (086.76)  |2 2001 
110 2 |a Fermáta (hudobná skupina)  |4 aut 
245 1 0 |a Fermata  |n 1  |h zvukový dokument 
260 |a Bratislava  |b Opus  |c 2009 
300 |a 2 zvukové platne (60 min. každá)  |b digital audio  |c 12 cm 
306 |a 010000  |a 010000 
500 |a Názov prevzatý z obalu 
500 |a Album obsahuje 2 CD (Fermáta, Pieseň z hôľ) 
505 0 |a CD 1 (Fermáta): Rumunská rapsódia -- Perpetuum II -- Postavím si vodu na čaj -- Valčík pre krstnú mamu -- Perpetuum III 
505 0 |a CD 2 (Pieseň z hôľ): Svatba na medvedej lúke -- Posledný jarmok v Radvani -- Priadky -- Dolu Váhom -- Vo Zvolene zvony zvonia 
511 0 |a Účinkujú: Fermata ; František Griglák - gitara ; Tomáš Berka - elektrický klavír, piano, syntetizátor, organ ; Anton Jaro - basová gitara, perkusie ; Peter Szapu - bicie nástroje, perkusie [a i.] 
650 0 7 |a populárne piesne  |2 SVKBBPH  |9 3446 
650 0 7 |a džezrock  |2 SVKBBPH  |9 56872 
650 0 7 |a rock  |2 SVKBBPH  |9 3179 
655 7 |a kompaktné platne  |2 SVKBBPH  |9 70690 
655 7 |a zvukové platne  |2 SVKBBPH  |9 322392 
740 0 2 |a Fermáta 
740 0 2 |a Pieseň z hôľ 
852 |a Štátna vedecká knižnica v Banskej Bystrici 
999 |c 918613  |d 920543 
952 |a SNK  |b SNK  |y PREZ  |7 0  |p 17A0673697  |o snkSCD 2439/1/1-2  |i snk2010/20577  |8 0  |z CD Fermáta  |0 0  |1 0  |4 0  |d 2010-09-24  |l 0  |r 2026-02-24 08:07:46  |w 2026-02-24 
952 |a SNK  |b SNK  |y PREZ  |7 0  |p 17A0673812  |o snkSCD 2439/1/1-2  |i snk2010/20577  |8 0  |z CD2 Pieseň z hôľ  |0 0  |1 0  |4 0  |d 2010-09-24  |l 0  |r 2026-02-24 08:07:46  |w 2026-02-24